| 000 | 004940000a22001930004500 | ||
|---|---|---|---|
| 001 | 002084 | ||
| 003 | MACL | ||
| 005 | 20150812123526.0 | ||
| 008 | 150812b xxu||||| |||| 00| 0 eng d | ||
| 040 |
_aMACL _cMACL |
||
| 041 | _aEnglish | ||
| 082 | _a370/KOK | ||
| 100 |
_aKokandakar, J.R _94917 |
||
| 245 |
_aAims of Education _bA Quest for Rethinking _cJ.R Kokandakar |
||
| 260 |
_aMumbai _c1999 _bBharatiya Vidya Bhavan, |
||
| 350 | _a90 | ||
| 650 |
_aEducation _94918 |
||
| 942 |
_k370 _cBK _2ddc |
||
| 999 |
_c14000 _d14000 |
||